| 000 | 00918nam a2200217 i 4500 | ||
|---|---|---|---|
| 001 | 73442 | ||
| 003 | ES-MaACL | ||
| 005 | 20250903013728.0 | ||
| 007 | t| | ||
| 008 | 041013s1982 sp ||||1| spa d | ||
| 080 | _a51(460)"18" | ||
| 100 | 1 |
_aGarcía Camarero, Ernesto, _d1932-2022 _954320 |
|
| 245 | 1 | 3 |
_aLa matemática en la España del siglo XIX / _cE. García Camarero. |
| 260 |
_aJaca : _bSociedad Española de Historia de las Ciencias, _c1982. |
||
| 300 |
_aP. [115]-130 ; _c20 cm. |
||
| 595 | _aSeparata de: Actas II Congreso de la Sociedad Española de Historia de las Ciencias, Área II: La ciencia y la técnica en España entre 1850 y 1936, v. 2, Mariano Hormigón (ed.) | ||
| 650 | 1 | 4 |
_aMatemáticas- _zEspaña- _yS.XIX _914824 |
| 710 | 2 |
_aSociedad Española de Historia de las Ciencias _96729 |
|
| 852 |
_aES-MaACL _j2183-F-9 _z- Donat. Ernesto García Camarero |
||
| 999 |
_c73442 _d73442 |
||